Gala 10 OT2025 - Estadísticas

Estadísticas generales
  • Esta prueba ha sido intentada 32 veces
  • La puntuación promedio es 6 de 10
Estadísticas de respuestas
Imagen Hint Respuesta % Correcto
Grupal Saturno
93%
Cristina UH NANA
86%
Guillo Rist ABRACADABRA
75%
Téyou Je vole
68%
Crespo Cosas que no te dije
61%
Grupal (chicas) Lobo
61%
Tinho Tempestades de sal
50%
Guille Toledano Until I found you
39%
Claudia Arenas Birds of a feather
36%
Olivia At least
4%
No se encontraron pruebas coincidentes
Distribución de puntuación
Porcentaje de gente con cada puntuación
Porcentaje por número respondido
Historial de tus puntuaciones
No has intentado esta prueba.